[Event "GBR-ch83"]
[Site "Nottingham"]
[Date "1996.08.10"]
[Round "6.8"]
[White "Ansell, Simon T"]
[Black "Cobb, James E"]
[Result "1-0"]
[WhiteElo "2420"]
[BlackElo "2260"]
[PlyCount "76"]
[EventDate "1996.08.05"]
[EventType "swiss"]
[EventRounds "11"]
[EventCountry "GBR"]

1. e4 e5 2. Nf3 Nc6 3. Bb5 a6 4. Ba4 Nf6 5. Qe2 Be7 6. O-O b5 7. Bb3 O-O 8. c3
d6 9. d4 Bg4 10. Rd1 exd4 11. cxd4 d5 12. e5 Ne4 13. a4 b4 14. a5 Kh8 15. Qc2
Na7 16. Be3 $6 f5 17. exf6 Rxf6 $17 18. Qe2 Qd7 (18... Bd6 $1 $19 19. Bxd5 $140
Bxh2+ 20. Kxh2 Qxd5) 19. Ne5 Bxe2 20. Nxd7 Bxd1 21. Bxd1 Rd6 $6 (21... Re6 $19)
22. Ne5 Kg8 23. Nd2 Nb5 24. Nb3 g6 25. Rc1 $44 h5 26. Be2 Rc8 27. Nc6 Rd7 $2
28. f3 $18 Nf6 29. Bd3 Kg7 30. Ne5 Rdd8 31. Bxg6 c5 32. Bf5 Rc7 (32... c4 $1
33. Bxc8 Rxc8 $13) 33. dxc5 d4 34. Bd2 Nd5 $2 (34... Rd5 $5) 35. Nd3 Ne3 36.
Be4 Rb8 37. Kf2 Bf6 38. Nf4 Be5 1-0

[Event "GBR-ch83"]
[Site "Nottingham"]
[Date "1996.08.10"]
[Round "6.10"]
[White "Molyneux, John"]
[Black "Buckley, Graeme"]
[Result "1/2-1/2"]
[WhiteElo "2170"]
[BlackElo "2370"]
[PlyCount "120"]
[EventDate "1996.08.05"]
[EventType "swiss"]
[EventRounds "11"]
[EventCountry "GBR"]

1. f4 d5 2. b3 Bg4 3. h3 Bf5 4. e3 e5 5. fxe5 Qh4+ 6. Ke2 f6 7. Nf3 Qh5 8. Bb2
Nd7 9. Rg1 Be4 10. e6 Ne5 11. Bxe5 Bxf3+ 12. gxf3 Qxe5 13. d4 Qxe6 14. Qd3
O-O-O 15. Nc3 f5 16. Kd2 f4 17. Re1 Bb4 18. Rg5 Ne7 19. a3 Qf6 20. Rg4 Bxc3+
21. Kxc3 Ng6 22. exf4 Nxf4 23. Qe3 Rhf8 24. Qe5 Qc6+ 25. Kb2 Ng6 26. Qg3 Qf6
27. Bd3 Rde8 28. Rxe8+ Rxe8 29. Bxg6 hxg6 30. Rf4 Qe6 31. Qg4 Kd7 32. Kc3 Kd6
33. Qxe6+ Kxe6 34. Kd3 g5 35. Rg4 Kf5 36. h4 gxh4 37. Rxh4 Re7 38. Rh8 Re6 39.
Rf8+ Rf6 40. Rg8 g5 41. Rd8 Rd6 42. Rf8+ Kg6 43. Rg8+ Kf6 44. a4 a5 45. Ra8 b6
46. Rg8 Kf5 47. Rf8+ Rf6 48. Rd8 Ke6 49. Ke3 Rf7 50. Rg8 Kf6 51. Rd8 Re7+ 52.
Kd3 Kf5 53. Rf8+ Kg6 54. Rd8 Kf5 55. Rf8+ Ke6 56. Rg8 Rf7 57. Rxg5 Rxf3+ 58.
Ke2 Rh3 59. Re5+ Kd6 60. Rg5 Rh6 1/2-1/2

[Event "GBR-ch83"]
[Site "Nottingham"]
[Date "1996.08.10"]
[Round "6.11"]
[White "Pert, Nicholas"]
[Black "Williams, Simon Kim"]
[Result "1/2-1/2"]
[WhiteElo "2195"]
[BlackElo "2350"]
[PlyCount "54"]
[EventDate "1996.08.05"]
[EventType "swiss"]
[EventRounds "11"]
[EventCountry "GBR"]

1. d4 e6 2. Nf3 d5 3. c4 c6 4. cxd5 exd5 5. Nc3 Bf5 6. Bg5 Be7 7. Bxe7 Qxe7 8.
e3 Nf6 9. Bd3 Bxd3 10. Qxd3 O-O 11. O-O Nbd7 12. b4 b5 13. a4 a6 14. Qb1 Nb6
15. Re1 Qd6 16. Ra2 Rfe8 17. Qb3 Ne4 18. Nxe4 dxe4 19. Ne5 Nd5 20. axb5 axb5
21. Rc1 Qxb4 22. Rb2 Qxb3 23. Rxb3 Rec8 24. h3 b4 25. Rc5 Ra6 26. Nxc6 Raxc6
27. Rxd5 Rb8 1/2-1/2

[Event "GBR-ch83"]
[Site "Nottingham"]
[Date "1996.08.10"]
[Round "6.12"]
[White "Lilley, Graham"]
[Black "Wall, Timothy P"]
[Result "0-1"]
[WhiteElo "2185"]
[BlackElo "2320"]
[PlyCount "108"]
[EventDate "1996.08.05"]
[EventType "swiss"]
[EventRounds "11"]
[EventCountry "GBR"]

1. d4 Nf6 2. c4 g6 3. Nc3 Bg7 4. Nf3 O-O 5. g3 d6 6. Bg2 Nbd7 7. O-O e5 8. h3
Re8 9. e4 exd4 10. Nxd4 a6 11. Rb1 Rb8 12. Be3 Ne5 13. b3 c5 14. Nde2 b5 15. f4
Ned7 16. e5 Qe7 17. Qd2 dxe5 18. fxe5 Nxe5 19. Bg5 Be6 20. Qe3 h6 21. Bf4 Nfd7
22. cxb5 axb5 23. Bxh6 b4 24. Ne4 Bf5 25. Bxg7 Kxg7 26. Rf4 Nf6 27. Nxf6 Qxf6
28. Rbf1 Nc4 29. Qxc5 Rxe2 30. Qxc4 Qb2 31. R1f2 Qa1+ 32. Kh2 Rxf2 33. Rxf2 Be6
34. Qf4 Rb5 35. Rd2 Ra5 36. Qf2 Qc3 37. g4 Kg8 38. Rd4 Rxa2 39. Rd8+ Kg7 40.
Qxa2 Qc7+ 41. Kg1 Qxd8 42. Qc2 Qd4+ 43. Kf1 Qe3 44. Qb2+ Kh7 45. Qf2 Qxb3 46.
Qh4+ Kg7 47. g5 Qc3 48. Be4 Qxh3+ 49. Qxh3 Bxh3+ 50. Ke2 b3 51. Kd2 Bf5 52.
Bxf5 gxf5 53. Kc3 f4 54. Kxb3 f3 0-1

[Event "GBR-ch83"]
[Site "Nottingham"]
[Date "1996.08.10"]
[Round "6.13"]
[White "Hunt, Harriet V"]
[Black "Phillips, Roy JN"]
[Result "0-1"]
[WhiteElo "2315"]
[BlackElo "2120"]
[PlyCount "60"]
[EventDate "1996.08.05"]
[EventType "swiss"]
[EventRounds "11"]
[EventCountry "GBR"]

1. e4 c5 2. Nf3 d6 3. d4 cxd4 4. Nxd4 Nf6 5. Nc3 g6 6. Bc4 Bg7 7. O-O O-O 8.
Re1 Nc6 9. h3 Nxd4 10. Qxd4 Be6 11. Bxe6 fxe6 12. e5 Nd7 13. Qg4 Nxe5 14. Qxe6+
Rf7 15. Nd5 Kf8 16. Bg5 Nc6 17. Rad1 Qc8 18. Bxe7+ $2 (18. Qe4 $16) 18... Nxe7
19. Qxd6 Qc6 20. Qb4 a5 21. Qa3 Re8 22. Re2 (22. Nxe7 Rfxe7 23. Rd8 $5) 22...
b6 23. Nxe7 Rfxe7 24. Rd6 Bxb2 $19 25. Qg3 Qc5 26. Rxe7 Rxe7 27. Rd8+ Kg7 28.
Rd1 Qxc2 29. Qd6 Qc5 30. Qd2 Bf6 0-1

[Event "GBR-ch83"]
[Site "Nottingham"]
[Date "1996.08.10"]
[Round "6.14"]
[White "Duncan, Christopher R"]
[Black "Mason, Donald"]
[Result "0-1"]
[WhiteElo "2340"]
[BlackElo "2275"]
[PlyCount "70"]
[EventDate "1996.08.05"]
[EventType "swiss"]
[EventRounds "11"]
[EventCountry "GBR"]
[SourceTitle "Mega Database 2004"]

1. c4 g6 2. e4 Bg7 3. d4 d6 4. Nc3 Nf6 5. Nf3 O-O 6. Be2 e5 7. O-O Nc6 8. d5
Ne7 9. b4 Nh5 10. Re1 h6 11. c5 f5 12. Nd2 Nf6 13. f3 f4 14. Nc4 g5 15. a4 Ne8
16. a5 Rf6 17. Ba3 Rg6 18. b5 b6 19. cxd6 cxd6 20. Qa4 Bd7 21. Na2 g4 22. fxg4
Bxg4 23. Bxg4 Rxg4 24. Qd1 h5 25. Nb4 Ng6 26. h3 Rg3 27. Qxh5 Nh4 28. Re2 Rg5
29. Qxh4 Rxg2+ 30. Rxg2 Qxh4 31. Nc6 f3 32. Rg4 Qxh3 33. Ne3 Nf6 34. Rxg7+ Kxg7
35. Nf5+ Kh7 0-1

[Event "GBR-ch83"]
[Site "Nottingham"]
[Date "1996.08.10"]
[Round "6.15"]
[White "Dunworth, Christopher"]
[Black "Ledger, Stephen C"]
[Result "1-0"]
[WhiteElo "2335"]
[BlackElo "2250"]
[PlyCount "120"]
[EventDate "1996.08.05"]
[EventType "swiss"]
[EventRounds "11"]
[EventCountry "GBR"]

1. d4 Nf6 2. Bg5 d5 3. Bxf6 exf6 4. e3 c6 5. c4 dxc4 6. Bxc4 Bd6 7. Nc3 Nd7 8.
Nf3 Nb6 9. Bb3 Qe7 10. O-O Be6 11. Re1 Bxb3 12. Qxb3 Qe6 13. Qc2 O-O 14. Ne4
Rfd8 15. Nxd6 Rxd6 16. b4 Qc4 17. Qxc4 Nxc4 18. a4 Kf8 19. Kf1 f5 20. Rec1 b5
21. Ke2 a5 22. axb5 cxb5 23. bxa5 Rda6 24. Nd2 Nxd2 25. Kxd2 g6 26. Rc5 Rxa5
27. Rc8+ Rxc8 28. Rxa5 Rb8 29. Ra7 Ke8 30. h4 Rb6 31. g3 h6 32. Kd3 Kf8 33. Kc3
Rc6+ 34. Kb4 Rc2 35. Kxb5 Rxf2 36. d5 Re2 37. Kc6 Rxe3 38. Ra8+ Kg7 39. d6 Rc3+
40. Kb6 Rb3+ 41. Kc5 Rc3+ $2 (41... Rd3 $11) 42. Kd4 Rc1 43. Kd5 Rd1+ 44. Kc6
Rc1+ 45. Kb6 Rb1+ 46. Kc7 Rc1+ 47. Kd8 g5 48. hxg5 $2 (48. d7 $18) 48... hxg5
49. d7 Rc3 $2 (49... f4 $1 $11) 50. Ke7 Re3+ 51. Kd6 Rd3+ 52. Kc6 Kf6 53. d8=Q+
Rxd8 54. Rxd8 Ke5 55. Kc5 Ke4 56. Kc4 f4 57. gxf4 g4 58. Rd4+ Ke3 59. f5 g3 60.
f6 g2 1-0

[Event "GBR-ch83"]
[Site "Nottingham"]
[Date "1996.08.10"]
[Round "6.16"]
[White "Bates, Richard"]
[Black "Pert, Richard G"]
[Result "1-0"]
[WhiteElo "2315"]
[BlackElo "2165"]
[PlyCount "69"]
[EventDate "1996.08.05"]
[EventType "swiss"]
[EventRounds "11"]
[EventCountry "GBR"]

1. d4 d5 2. c4 e6 3. Nf3 Nf6 4. g3 dxc4 5. Bg2 c5 6. O-O Be7 7. Na3 O-O 8. Nxc4
Nc6 9. dxc5 Bxc5 10. a3 Ng4 11. Bf4 Qxd1 12. Raxd1 f6 13. h3 e5 14. Bc1 Nxf2
15. Rxf2 Bxf2+ 16. Kxf2 Be6 17. Nd6 Rad8 18. Rd2 Na5 19. Ne4 Rc8 20. Nc3 Rfe8
21. e4 Nc4 22. Rd3 a6 23. Nd2 b5 24. Nxc4 Bxc4 25. Rd7 a5 26. Be3 Be6 27. Rb7
Rb8 28. Rxb5 Rxb5 29. Nxb5 Rb8 30. Bf1 Bd7 31. Bc4+ Kh8 32. a4 Bxh3 33. Bd2 Rd8
34. Bxa5 Rd4 35. Nxd4 1-0

[Event "GBR-ch83"]
[Site "Nottingham"]
[Date "1996.08.10"]
[Round "6.17"]
[White "Trifunovic, Aleksandar"]
[Black "Richardson, John R"]
[Result "1-0"]
[WhiteElo "2250"]
[BlackElo "2310"]
[PlyCount "43"]
[EventDate "1996.08.05"]
[EventType "swiss"]
[EventRounds "11"]
[EventCountry "GBR"]

1. d4 d5 2. c4 e5 3. dxe5 d4 4. Nf3 Nc6 5. g3 Be6 6. Nbd2 Qd7 7. Bg2 O-O-O 8.
O-O Nge7 9. Qa4 Kb8 (9... a6 10. b4 h5 11. b5 Nb8 12. Nb3 Nf5 13. Bg5 Be7 14.
Bxe7 Qxe7 15. Rfd1 $16 {Gligoric,S-Leban,S Novi Sad 1965 (1-0, 23)}) 10. b4 $16
Nxe5 (10... Ng6) 11. b5 N7g6 12. Bb2 c5 13. bxc6 Nxc6 14. Rab1 Bh3 (14... Bc5
15. Ba1 $16) 15. Bxh3 Qxh3 16. Bxd4 $1 $18 Nxd4 17. Nxd4 Rxd4 18. Rxb7+ $1 Kxb7
19. Rb1+ Kc7 20. Qxa7+ Kd6 21. Rb6+ Ke5 22. Qa5+ 1-0

[Event "GBR-ch83"]
[Site "Nottingham"]
[Date "1996.08.10"]
[Round "6.18"]
[White "Bisby, Daniel L"]
[Black "Sahu, Sekhar Chandra"]
[Result "1-0"]
[WhiteElo "2205"]
[BlackElo "2340"]
[PlyCount "66"]
[EventDate "1996.08.05"]
[EventType "swiss"]
[EventRounds "11"]
[EventCountry "GBR"]

1. e4 c5 2. Nf3 Nc6 3. d4 cxd4 4. Nxd4 Nf6 5. Nc3 d6 6. Bc4 e6 7. Be3 Bd7 8.
Qe2 Rc8 9. O-O-O Ne5 10. Bb3 Rxc3 11. bxc3 Nxe4 12. Bd2 Nxd2 13. Rxd2 Qa5 14.
f4 Nc6 15. Kb1 Be7 16. g4 a6 17. Rd3 h5 18. f5 e5 19. Nxc6 Bxc6 20. Rhd1 e4 21.
f6 gxf6 22. Rd5 Bxd5 23. Rxd5 Qb6 24. Qxe4 Qg1+ 25. Kb2 hxg4 26. Rxd6 Kf8 27.
Qc4 Rh7 28. Rd4 f5 29. Qc8+ Kg7 30. Qxf5 Kh6 31. Rxg4 Qxh2 32. Bxf7 Ba3+ 33.
Kxa3 Qd6+ 1-0

[Event "GBR-ch83"]
[Site "Nottingham"]
[Date "1996.08.10"]
[Round "6.19"]
[White "Tebb, David J"]
[Black "Spice, Alan P"]
[Result "1-0"]
[WhiteElo "2320"]
[BlackElo "2210"]
[PlyCount "59"]
[EventDate "1996.08.05"]
[EventType "swiss"]
[EventRounds "11"]
[EventCountry "GBR"]

1. e4 e6 2. d4 d5 3. Nd2 Nc6 4. c3 dxe4 5. Nxe4 Nf6 6. Nxf6+ Qxf6 7. Nf3 h6 8.
Bb5 Bd7 9. Qe2 Bd6 10. O-O O-O-O 11. Nd2 e5 12. Ne4 Qg6 13. d5 Ne7 14. Bxd7+
Rxd7 15. Rd1 f5 16. Nxd6+ Qxd6 17. c4 c6 18. Be3 cxd5 19. Bxa7 d4 20. b4 Qxb4
21. Rab1 Qa4 22. Bc5 Nc6 23. Rb3 d3 24. Qb2 Na5 25. Qxe5 Nxb3 26. axb3 Qa2 27.
Be3 g5 28. Qxh8+ Rd8 29. Qe5 d2 30. Bb6 1-0

[Event "GBR-ch83"]
[Site "Nottingham"]
[Date "1996.08.10"]
[Round "6.20"]
[White "Hunt, Adam C"]
[Black "Berry, Stephen H"]
[Result "0-1"]
[WhiteElo "2200"]
[BlackElo "2315"]
[PlyCount "86"]
[EventDate "1996.08.05"]
[EventType "swiss"]
[EventRounds "11"]
[EventCountry "GBR"]

1. e4 e5 2. Nf3 Nc6 3. Bb5 a6 4. Ba4 d6 5. O-O Bd7 6. c3 Nf6 7. Re1 g6 8. d3
Bg7 9. Nbd2 O-O 10. Nf1 h6 11. h3 Kh7 12. Ng3 Qe7 13. Nh2 Rae8 14. Bd2 Qd8 15.
f4 d5 16. f5 dxe4 17. dxe4 Na5 18. Bc2 Nc4 19. Bc1 Bc6 20. Qe2 Nd6 21. Ng4 Nxg4
22. Qxg4 Bf6 23. Rd1 Rg8 24. Bb3 Qe7 25. Kh2 gxf5 26. Qh5 f4 27. Rxd6 Rxg3 28.
Qf5+ Kg7 29. Rxc6 bxc6 30. Qh5 Rd8 31. Bc4 a5 32. b3 Bh4 33. a4 Rg5 34. Qe2 ({
The bulletin gives} 34. Qf3 {here but then, after} Bg3+ 35. Kh1 Rg6 36. Ra2
Rgd6 37. Rd2 Rxd2 38. Bxd2 {, Black could simply capture on d2.}) 34... Bg3+
35. Kh1 Rg6 36. Ra2 Rgd6 37. Rd2 Rxd2 38. Bxd2 Qd6 39. Qh5 Qf6 40. Qe2 Kh7 41.
b4 axb4 42. cxb4 Rd4 43. Bb3 f3 0-1

[Event "GBR-ch83"]
[Site "Nottingham"]
[Date "1996.08.10"]
[Round "6.22"]
[White "Merriman, John"]
[Black "Rudd, Jack"]
[Result "0-1"]
[WhiteElo "2275"]
[BlackElo "2190"]
[PlyCount "72"]
[EventDate "1996.08.05"]
[EventType "swiss"]
[EventRounds "11"]
[EventCountry "GBR"]
[SourceTitle "Mega Database 2004"]

1. d4 Nf6 2. c4 c5 3. d5 e6 4. Nc3 exd5 5. cxd5 d6 6. e4 g6 7. f4 Bg7 8. Nf3
O-O 9. Be2 Bg4 10. O-O Nbd7 11. Re1 Re8 12. h3 Bxf3 13. Bxf3 c4 14. Be3 Qa5 15.
Qc2 (15. Kh1 Nc5 16. Bxc5 Qxc5 17. e5 dxe5 18. fxe5 Nd7 19. e6 Ne5 $13) 15...
Nc5 16. Kh1 $2 (16. b4 $5) 16... Nd3 17. Re2 b5 $17 18. Bd2 b4 19. Nd1 Qb5 20.
g4 Rac8 21. g5 Nxe4 $1 (21... Nh5 $1 $19) 22. Rxe4 Rxe4 23. Bxe4 Re8 24. Bf3
Qc5 $2 (24... Bd4 $1 $19) 25. Qa4 Kf8 26. Qc6 Nxb2 27. Qxc5 $2 (27. Be3 $1 $16)
27... dxc5 28. Nxb2 $2 (28. f5 $1 $13) 28... Bxb2 29. Rd1 c3 30. Bc1 c4 $1 31.
Kg2 Bxc1 32. Rxc1 Re3 33. Kf2 Rd3 $2 (33... b3 $1 $17) 34. Be2 Ke7 $4 (34...
Rxd5 $13) 35. Bxd3 cxd3 36. Rb1 $4 (36. Ke3 $1 $18) 36... d2 $1 {time} 0-1

[Event "GBR-ch83"]
[Site "Nottingham"]
[Date "1996.08.10"]
[Round "6.25"]
[White "Dyce, Andrew N"]
[Black "Mordue, A Tyson"]
[Result "0-1"]
[WhiteElo "2135"]
[BlackElo "2240"]
[PlyCount "54"]
[EventDate "1996.08.05"]
[EventType "swiss"]
[EventRounds "11"]
[EventCountry "GBR"]

1. e4 c5 2. Nf3 e6 3. d3 Nc6 4. g3 g6 5. Bg2 Bg7 6. O-O Nge7 7. Re1 d6 8. c3 e5
9. Na3 O-O 10. Nc4 h6 11. Ne3 Be6 12. Nc2 d5 13. exd5 Nxd5 14. Ne3 Nb6 15. Qe2
Re8 16. Nd2 Qe7 17. Nec4 Nd5 18. a4 Rad8 19. a5 Qc7 20. Nb3 b6 21. Qc2 Ndb4 22.
cxb4 Nxb4 23. Qe2 Nxd3 24. axb6 axb6 25. Rd1 Bxc4 26. Qc2 Bb5 27. Be3 Nb4 0-1

[Event "GBR-ch83"]
[Site "Nottingham"]
[Date "1996.08.10"]
[Round "6.29"]
[White "Baker, Chris W"]
[Black "Shah, Arpi"]
[Result "1-0"]
[WhiteElo "2370"]
[BlackElo "2035"]
[PlyCount "79"]
[EventDate "1996.08.05"]
[EventType "swiss"]
[EventRounds "11"]
[EventCountry "GBR"]

1. e4 c6 2. d4 d5 3. Nd2 dxe4 4. Nxe4 Nd7 5. Bc4 Ngf6 6. Ng5 e6 7. Qe2 Nb6 8.
Bb3 h6 9. N5f3 a5 10. c3 Be7 11. Ne5 O-O 12. Ngf3 c5 13. O-O cxd4 14. Nxd4 Nbd7
15. Ng6 Nc5 16. Nxf8 Bxf8 17. Bf4 Nxb3 18. axb3 b6 19. Rfd1 Ba6 20. Qf3 Qc8 21.
Qc6 Qxc6 22. Nxc6 Bb7 23. Ne5 Nd5 24. Bg3 f6 25. Nd7 Bc5 26. Nxc5 bxc5 27. Bd6
e5 28. Bxc5 Nf4 29. f3 f5 30. Bd6 Ng6 31. Bc7 e4 32. fxe4 fxe4 33. Rxa5 Rxa5
34. Bxa5 Nf4 35. Rd7 Bc6 36. Rd6 Bb7 37. Rb6 Bd5 38. c4 Bf7 39. c5 e3 40. c6
1-0

[Event "GBR-ch83"]
[Site "Nottingham"]
[Date "1996.08.10"]
[Round "6.30"]
[White "Moskovic, David M"]
[Black "Clarke, Thomas"]
[Result "0-1"]
[WhiteElo "2185"]
[BlackElo "2230"]
[PlyCount "54"]
[EventDate "1996.08.05"]
[EventType "swiss"]
[EventRounds "11"]
[EventCountry "GBR"]

1. e4 e6 2. d4 d5 3. e5 c5 4. c3 Nc6 5. Nf3 Qb6 6. a3 Nh6 7. b4 cxd4 8. cxd4
Nf5 9. Be3 f6 10. exf6 gxf6 11. Be2 Bg7 12. Nc3 O-O 13. O-O Nxe3 14. fxe3 f5
15. g3 Qd8 16. Qd2 Bd7 17. Rac1 Qe7 18. Nd1 Nd8 19. Nf2 a5 20. Nd3 axb4 21.
axb4 Bb5 22. Rc5 Bc4 23. Nde5 $4 Ra2 $19 24. Nxc4 Rxd2 25. Ncxd2 b6 26. Rb5 Qc7
27. Kf2 Nf7 0-1

[Event "GBR-ch83"]
[Site "Nottingham"]
[Date "1996.08.12"]
[Round "7.1"]
[White "Martin, Andrew D"]
[Black "Ward, Christopher G"]
[Result "0-1"]
[WhiteElo "2425"]
[BlackElo "2460"]
[PlyCount "66"]
[EventDate "1996.08.05"]
[EventType "swiss"]
[EventRounds "11"]
[EventCountry "GBR"]
[SourceTitle "Mega Database 2004"]

1. g3 c5 2. Bg2 Nc6 3. e4 g6 4. d3 Bg7 5. f4 e5 6. Nc3 exf4 7. Bxf4 d6 8. Nh3
h5 9. Bg5 Bf6 10. Bxf6 Nxf6 11. Qd2 h4 12. O-O-O Bxh3 13. Bxh3 Kf8 14. Rdf1
hxg3 15. hxg3 Kg7 16. Ne2 (16. g4 $5 $16 {Stockfish 13}) 16... Qe7 17. Nf4 Rh6
18. Bg2 Rxh1 19. Rxh1 Rh8 20. Rf1 $6 b5 $17 21. Bf3 b4 22. Bd1 Qe5 23. c3 bxc3
24. bxc3 c4 25. d4 Qa5 26. Bc2 Ng4 27. Nd5 $4 (27. Ne6+ $1 fxe6 28. Qf4 $11)
27... Rh2 $2 (27... Qa3+ $1 28. Kd1 Rh2 $19) 28. Qf4 f5 29. Qxd6 $4 (29. a4 $13
) (29. Kb2 $13) 29... Qxa2 $19 30. Qc7+ Kh6 31. Qf4+ Kg7 32. Qc7+ Kh6 33. Qf4+
g5 0-1

[Event "GBR-ch83"]
[Site "Nottingham"]
[Date "1996.08.12"]
[Round "7.2"]
[White "Cobb, Charles A"]
[Black "Emms, John M"]
[Result "1/2-1/2"]
[WhiteElo "2260"]
[BlackElo "2500"]
[PlyCount "56"]
[EventDate "1996.08.05"]
[EventType "swiss"]
[EventRounds "11"]
[EventCountry "GBR"]

1. e4 c5 2. Nc3 Nc6 3. Nge2 e6 4. d4 cxd4 5. Nxd4 Qc7 6. Be3 a6 7. Bd3 Nf6 8.
O-O Bd6 9. Nxc6 bxc6 10. f4 e5 11. f5 Be7 12. Qf3 Bb7 13. Bc4 d5 14. exd5 cxd5
15. Nxd5 Qxc4 16. Nxf6+ Bxf6 17. Qxb7 O-O 18. Qb3 Qe4 19. c4 Rab8 20. Qc3 Rfd8
21. Rad1 Rxd1 22. Rxd1 Qxf5 23. b3 e4 24. Qd2 h5 25. Qd7 Qa5 26. Qd2 Qf5 27.
Qd7 Qa5 28. Qd2 Qf5 1/2-1/2

[Event "GBR-ch83"]
[Site "Nottingham"]
[Date "1996.08.12"]
[Round "7.3"]
[White "Summerscale, Aaron"]
[Black "Lee, Graham D"]
[Result "1-0"]
[WhiteElo "2500"]
[BlackElo "2375"]
[PlyCount "125"]
[EventDate "1996.08.05"]
[EventType "swiss"]
[EventRounds "11"]
[EventCountry "GBR"]

1. Nf3 Nf6 2. g3 b5 3. a4 b4 4. Bg2 Bb7 5. O-O c5 6. d3 e6 7. Nbd2 Be7 8. e4 d6
9. Ne1 Qc7 10. f4 Nc6 11. Nef3 Nd4 12. Kh1 O-O 13. a5 Rab8 14. Nxd4 cxd4 15.
Nb3 e5 16. Bd2 Bc8 17. h3 Be6 18. Ra4 Rfc8 19. Na1 b3 20. cxb3 Qd7 21. Rb4 Rxb4
22. Bxb4 Bxh3 23. Bd2 Bg4 24. Bf3 Bxf3+ 25. Qxf3 Qh3+ 26. Kg1 Ng4 27. Qg2 Qh5
28. Qe2 Rc6 29. b4 d5 30. exd5 Rh6 31. Qg2 Bxb4 32. d6 Bxd6 33. fxe5 Nxe5 34.
Bxh6 Qxh6 35. Qa8+ Bf8 36. Qe4 Qg5 37. Kg2 Ng4 38. Qf4 Ne3+ 39. Kg1 Qg6 40. Rf3
Qh5 41. Nb3 g5 42. g4 Nxg4 43. Qg3 Ne5 44. Rf5 Qd1+ 45. Rf1 Nf3+ 46. Qxf3 Qxb3
47. Qg4 h6 48. Qxd4 Qb5 ({The bulletin gives} 48... Bb4 49. Qc4 Bc5+ {which
makes no sense as the bishop is en prise. The text is much more logical.}) 49.
Qc4 Bc5+ 50. Kh1 Qb7+ 51. Qe4 Qd7 52. Kg2 Bd6 53. Rf6 Bf4 54. Rf5 Kg7 55. a6 h5
56. Qd5 Qe7 57. Qd4+ Kg8 58. Qe4 Qd7 59. b4 h4 60. b5 Kg7 61. b6 axb6 62. Qd5
h3+ 63. Kxh3 1-0

[Event "GBR-ch83"]
[Site "Nottingham"]
[Date "1996.08.12"]
[Round "7.5"]
[White "Wall, Timothy P"]
[Black "Sadler, Matthew D"]
[Result "0-1"]
[WhiteElo "2320"]
[BlackElo "2615"]
[PlyCount "42"]
[EventDate "1996.08.05"]
[EventType "swiss"]
[EventRounds "11"]
[EventCountry "GBR"]
[SourceTitle "Mega Database 2004"]

1. d4 d5 2. Bg5 Nf6 3. Bxf6 gxf6 4. e3 c5 5. c4 cxd4 6. exd4 Nc6 7. c5 Rg8 8.
Nc3 e5 9. Bb5 Rxg2 10. Qf3 Rg6 11. Qxd5 exd4 12. Bxc6+ bxc6 13. Qxc6+ Bd7 14.
Qe4+ Qe7 15. Qxe7+ Bxe7 16. Nd5 Bc6 17. Nxe7 Kxe7 18. f3 Rg2 19. Ne2 Rd8 20. b3
Bxf3 21. Nf4 Rg4 0-1

[Event "GBR-ch83"]
[Site "Nottingham"]
[Date "1996.08.12"]
[Round "7.6"]
[White "Hebden, Mark L"]
[Black "Ledger, Andrew J"]
[Result "1/2-1/2"]
[WhiteElo "2530"]
[BlackElo "2415"]
[PlyCount "164"]
[EventDate "1996.08.05"]
[EventType "swiss"]
[EventRounds "11"]
[EventCountry "GBR"]

1. e4 c6 2. d4 d5 3. exd5 cxd5 4. c4 Nf6 5. Nc3 e6 6. Nf3 Bb4 7. cxd5 exd5 8.
Bd3 O-O 9. Ne5 Nc6 10. Nxc6 bxc6 11. O-O Bg4 12. Qc2 Bh5 13. Bg5 Bg6 14. Rad1
Re8 15. Qc1 Re6 16. f4 Bxc3 17. f5 Bxd4+ 18. Kh1 Re8 19. fxg6 hxg6 20. Bxg6
fxg6 21. Rxd4 Re6 22. Rdf4 Qe7 23. Qc2 Qf7 24. h3 Rf8 25. b4 Qe8 26. Qc5 Rf7
27. Qc2 Rf8 28. a4 Nh7 29. Rxf8+ Nxf8 30. Bh4 Nd7 31. Kg1 Qb8 32. Rb1 a6 33.
Bf2 Qf4 34. b5 axb5 35. axb5 cxb5 36. Rxb5 Nf6 37. Qxg6 Qxf2+ 38. Kxf2 Ne4+ 39.
Qxe4 dxe4 40. Rg5 Kf7 41. Ke3 Kf6 42. h4 Ra6 43. Rg4 Ra3+ 44. Kxe4 Ra4+ 45. Kf3
Ra3+ 46. Kf4 Ra4+ 47. Kg3 Ra3+ 48. Kh2 g6 49. Rg5 Rb3 50. g3 Ra3 51. Kh3 Ra4
52. Rg4 Ra3 53. Re4 Rb3 54. Kg4 Ra3 55. Kf4 Ra2 56. Kf3 Ra3+ 57. Re3 Ra6 58. g4
Ra4 59. Rd3 Rb4 60. Rd6+ Kf7 61. Rd7+ Kg8 62. Re7 Ra4 63. Re4 Ra7 64. Kf4 Kg7
65. Rd4 Rb7 66. Ke5 Rb5+ 67. Rd5 Rb7 68. Rd4 Rb5+ 69. Ke6 Rb1 70. g5 Ra1 71.
Kd7 Re1 72. Kd8 Re2 73. Kc7 Rc2+ 74. Kd6 Rc1 75. Kd5 Ra1 76. Ke5 Re1+ 77. Re4
Ra1 78. Kd6 Rd1+ 79. Ke7 Ra1 80. Ke8 Rd1 81. Ke7 Ra1 82. Ke6 Rb1 1/2-1/2

[Event "GBR-ch83"]
[Site "Nottingham"]
[Date "1996.08.12"]
[Round "7.7"]
[White "Phillips, Roy JN"]
[Black "Ansell, Simon T"]
[Result "0-1"]
[WhiteElo "2120"]
[BlackElo "2420"]
[PlyCount "80"]
[EventDate "1996.08.05"]
[EventType "swiss"]
[EventRounds "11"]
[EventCountry "GBR"]

1. d4 Nf6 2. Bg5 e6 3. e4 h6 4. Bxf6 Qxf6 5. Nf3 d6 6. Nc3 g5 7. Qd3 Bg7 8. e5
Qe7 9. O-O-O dxe5 10. Nxe5 Nd7 11. Qe3 a6 12. Ne2 Nxe5 13. dxe5 Bd7 14. Ng3 h5
15. Bd3 Qb4 16. Kb1 Qf4 17. Rhe1 Qxe3 18. Rxe3 h4 19. Nf1 O-O-O 20. h3 Bc6 21.
f3 Rd5 22. Rde1 Rhd8 23. a3 Bb5 24. Bxb5 Rd1+ 25. Ka2 axb5 26. g3 Rxe1 27. Rxe1
hxg3 28. Nxg3 Rd5 29. Ne4 Rxe5 30. Rg1 Bh6 31. Kb3 f5 32. Nc3 Re3 33. Rf1 Bg7
34. Kb4 Bxc3+ 35. bxc3 Kd7 36. Rd1+ Kc6 37. Rf1 Re2 38. Kb3 Rh2 39. Re1 Kd6 40.
Rd1+ Ke7 0-1

[Event "GBR-ch83"]
[Site "Nottingham"]
[Date "1996.08.12"]
[Round "7.8"]
[White "Ferguson, Mark"]
[Black "Baker, Chris W"]
[Result "1-0"]
[WhiteElo "2385"]
[BlackElo "2370"]
[PlyCount "117"]
[EventDate "1996.08.05"]
[EventType "swiss"]
[EventRounds "11"]
[EventCountry "GBR"]

1. d4 Nf6 2. Nf3 e6 3. c4 b6 4. g3 Ba6 5. b3 Bb7 6. Bg2 Bb4+ 7. Bd2 a5 8. O-O
O-O 9. Bc3 d5 10. Bb2 a4 11. a3 Bd6 12. cxd5 exd5 13. b4 Ne4 14. Nc3 Nxc3 15.
Bxc3 Nd7 16. Bd2 Qe7 17. Bh3 Ba6 18. Re1 Bb5 19. Qc2 Nf6 20. Bg5 h6 21. Be3 Bd7
22. Bxd7 Qxd7 23. Kg2 Rae8 24. Rac1 Ne4 25. Qc6 Qe6 26. Ne5 f6 27. Ng6 Nxf2 28.
Bxf2 Qe4+ 29. Kg1 Qxg6 30. Qxd5+ Kh8 31. e4 Re7 32. Re2 Rfe8 33. Rce1 h5 34.
Kg2 Qg4 35. h3 Qg6 36. Kf3 Kh7 37. g4 hxg4+ 38. hxg4 Re6 39. Qf5 Qxf5+ 40. gxf5
R6e7 41. Bg3 Bxg3 42. Kxg3 Rd8 43. d5 Kg8 44. Kf3 Kf7 45. Rh1 Ke8 46. Rh8+ Kd7
47. Rxd8+ Kxd8 48. Ke3 Kd7 49. b5 Re8 50. Rg2 Re7 51. Kd4 Kd6 52. Rc2 Re8 53.
Rc4 Ra8 54. Rc6+ Kd7 55. d6 cxd6 56. Rxb6 Rc8 57. Rb7+ Rc7 58. Rxc7+ Kxc7 59.
Kc4 1-0

[Event "GBR-ch83"]
[Site "Nottingham"]
[Date "1996.08.12"]
[Round "7.9"]
[White "Knott, Simon JB"]
[Black "Turner, Matthew J"]
[Result "1/2-1/2"]
[WhiteElo "2335"]
[BlackElo "2425"]
[PlyCount "83"]
[EventDate "1996.08.05"]
[EventType "swiss"]
[EventRounds "11"]
[EventCountry "GBR"]

1. c4 d6 2. Nc3 g6 3. d4 Bg7 4. Nf3 e5 5. dxe5 dxe5 6. Qxd8+ Kxd8 7. Bg5+ f6 8.
O-O-O+ Nd7 9. Bd2 Nh6 10. Rg1 Nf7 11. g4 c6 12. Ne4 Kc7 13. Bc3 Re8 14. h3 b6
15. e3 Ba6 16. Nfd2 Bh6 17. h4 Bf8 18. b4 Bc8 19. Nb3 Nd6 20. Nxd6 Bxd6 21. c5
Bf8 22. Kc2 bxc5 23. bxc5 Nxc5 24. Ba5+ Kb8 25. Rb1 Nb7 26. Ba6 Be7 27. Nd2 Bd8
28. Nc4 Bb6 29. Nxb6 axb6 30. Rxb6 Ka7 31. Bxb7 Bxb7 32. Rgb1 Re7 33. Bb4 Kxb6
34. Bd6+ Ka6 35. Bxe7 Bc8 36. f3 e4 37. fxe4 Bxg4 38. Bxf6 Re8 39. Bd4 c5 40.
Bf6 Rxe4 41. Rb3 Be6 42. Rc3 1/2-1/2